000
00299nam a22001337a 4500
020
_a
9789693511291
040
_c
NUST
082
_a
891.4393
_b
BUT
100
_a
Butt, Dr Muhammad Yunus
_9
80918
245
_a
Mazah Pursi
300
_b
125P
650
_2
Urdu Literature-Staire
942
_2
ddc
_c
BK
999
_c
585788
_d
585788